Statistics for Iron Man 3 (2013) character screen time

Click here to take the quiz!

General Stats

  • This quiz has been taken 27 times
  • The average score is 8 of 14

Answer Stats

screen timeAnswer% Correct
18:00Pepper Potts
100%
62:15Tony Stark
100%
6:15Happy Hogan
86%
12:00Aldrich Killian
76%
7:30Trevor Slattery
76%
9:45Col. James "Rhodey" Rhodes
71%
:45Dr. Bruce Banner
48%
8:45Dr. Maya Hansen
48%
3:00Ellen Brandt
33%
6:00Eric Savin
33%
6:15Harley Keener
33%
2:00President Matthew Ellis
29%
:15Professor Ho Yinsen
24%
1:00Vice-President Rodriguez
19%

Score Distribution

Percentile by Number Answered

Percent of People with Each Score

Your Score History

You have not taken this quiz